| 000 | 01187nam a22002777a 4500 | ||
|---|---|---|---|
| 001 | 0000000869 | ||
| 003 | PPM | ||
| 005 | 20260114145500.0 | ||
| 008 | 260114b ||||| |||| 00| 0 eng d | ||
| 020 |
_cRM 89.00 _qHardback |
||
| 035 | _a0000000869 | ||
| 040 |
_aPPM _bEng _cPusat Penyelidikan Mineral, Jabatan Mineral Dan Geosains Malaysia _dPPM _erda |
||
| 082 | 0 | 0 |
_219 _a624 _bPRO 1974 |
| 245 | 1 | 4 |
_aProceedings : Volume 2 - 1974 Rapid Excavation And Tunneling Conference San Francisco, California, June 24-27, 1974 / _cedited by Harry C. Pattison, Elio D'Appolonia |
| 260 | 1 |
_aNew York : _bSociety of Mining Engineers of the American Institute of Mining, Metallurgical, and Petroleum Engineers, _c1974 |
|
| 300 | 0 | 0 |
_ax, 1843 pages .: _bgraph, table, illustrations .; _c23 cm |
| 650 | 1 | 0 |
_aTunneling _xCongresses. |
| 650 | 2 | 0 |
_aExcavation _xCongresses |
| 650 | 2 | 0 |
_aUnderground construction _xCongresses. |
| 700 | 1 |
_aPattison, Harry C. _eeditor |
|
| 700 | 1 |
_aD'Appolonia, Elio _eeditor |
|
| 710 | 2 | _aAmerican Society of Civil Engineers | |
| 710 | 2 | _aSociety of Mining Engineers of AIME | |
| 710 | 2 | _aSociety for Mining, Metallurgy, and Exploration (U.S.) | |
| 942 |
_2ddc _cBK |
||
| 999 |
_c27084 _d27084 |
||